000 00313nam a22001457a 4500
008 210427b ||||| |||| 00| 0 eng d
020 _a9781308625454
041 _aeng
080 _a721
082 _a721
100 _a41
101 _aNDE
245 _aWork Analysis & Design II
_cDuffy,V
942 _2udc
_cBK
999 _c56824
_d56824